00551nam a2200217Ia 4500008004100000040000600041041001200047082001200059082001100071100001900082245004600101245001900147260001300166260003500179260000900214300005500223300001000278650001900288942000700307999001900314141004s9999 xx 000 0 und d ca aEnglish a632.154 bPRA/CL a Prasada Rao aClimate change and agriculture over India c Prasada Rao aThrissur bKerala agricultural university c2008 a258 p.  b24 cm aClimate change cBK c306718d306718